Abendländische Klosterbaukunst /

Shranjeno v:
Bibliografske podrobnosti
Glavni avtor: Braunfels, Wolfgang (autor)
Format: Knjiga
Jezik:German
Izdano: Colonia, Alemania : M. DuMont Schauberg, 1969, c1969
Oznake: Označite
Brez oznak, prvi označite!

MARC

LEADER 00000nam^a2200000^a^4500
001 000557268
005 20250526000000.0
009 20260310131757.175
037 |a Acervo ITESO - Biblioteca 
041 |a ALE 
091 |a FHA. 01679 
100 |a Braunfels, Wolfgang  |e (autor) 
245 1 0 |a Abendländische Klosterbaukunst / 
264 4 |a Colonia, Alemania :  |b M. DuMont Schauberg,  |c 1969, c1969 
300 |a 335 p. ;  |c 20.5 cm. 
336 |a texto  |b txt  |2 rdacontenido 
337 |a sin mediación  |b n  |2 rdamedio 
338 |a volumen  |b nc  |2 rdasoporte 
515 |a Inventario familia Hartung: 2180 
649 |a XX 
910 |a Fondo Horst Hartung Franz 
920 |a Impresos - Libros 
930 |a Libros Antiguos y Raros 
905 |a 135 
901 |a 0500330367  |b IT2  |c LRA  |i D  |u 20250526 
902 |a https://opac.biblio.iteso.mx/vufind/Record/000557268